| 000 | 01140cam a2200349 i 4500 | ||
|---|---|---|---|
| 999 |
_c200444284 _d62496 |
||
| 001 | 200444284 | ||
| 003 | TR-AnTOB | ||
| 005 | 20220608112213.0 | ||
| 007 | ta | ||
| 008 | 051020s1992 tu 100 0 tur d | ||
| 020 | _a9757478237 | ||
| 020 | _a9789757478232 | ||
| 035 | _a(OCoLC)62115692 | ||
| 035 | _a(TR-AnTOB)200444284 | ||
| 040 |
_aTVK _beng _erda _cTVK _dBGZ _dTR-AnTOB |
||
| 041 | 0 | _atur | |
| 050 | 4 |
_aG155.T9 _bT36 1992 |
|
| 090 |
_aTOBBK G155.T9 _bT36 1992 |
||
| 111 | 2 |
_aTanıtma Şurası _n(1st. : _d1992 : _cAnkara) _9133161 |
|
| 245 | 1 | 0 |
_a1. Tanıtma Şurası : _btebliğler, 10-11 Nisan 1992. |
| 246 | 3 |
_aBirinci Tanıtma şurası : _btebliğler, 10-11 Nisan 1992 |
|
| 264 | 1 |
_aAnkara : _bT.C. Turizm Bakanlığı Tanıtma Genel Müdürlüğü, _c1992. |
|
| 300 |
_a225 pages ; _c23 cm |
||
| 336 |
_atext _btxt _2rdacontent |
||
| 337 |
_aunmediated _bn _2rdamedia |
||
| 338 |
_avolume _bnc _2rdacarrier |
||
| 650 | 7 |
_aTurizm _zTürkiye _vKongreler _2etuturkob _965078 |
|
| 710 | 1 |
_aTurkey. _bKültür ve Turizm Bakanlığı _994335 |
|
| 942 |
_2z _cBK |
||